El apostolado seglar, o manual del propagandista católico en nuestros días /

Manual que ofrece al seglar una serie de recomendaciones y principios para desarrollar sus tareas de propagación de la religión católica.

Сохранить в:
Библиографические подробности
Главный автор: Sardá y Salvany, Félix (autor)
Формат:
Язык:испанский
Предметы:
Метки: Добавить метку
Нет меток, Требуется 1-ая метка записи!

MARC

LEADER 00000nam^a2200000^a^4500
001 000122223
005 20250526000000.0
009 20260310094455.838
037 |a Acervo ITESO - Biblioteca 
041 |a ESP 
082 |a 253.  |b SAR 
100 |a Sardá y Salvany, Félix  |e (autor) 
245 1 3 |a El apostolado seglar, o manual del propagandista católico en nuestros días /  |c F. Sardá y Salvany. 
264 |a Barcelona, España :  |b Librería y Tipografía Católica,  |c 1891 
300 |a 383 p. ;  |c 17.0 cm. 
336 |a texto  |b txt  |2 rdacontenido 
337 |a sin mediación  |b n  |2 rdamedio 
338 |a volumen  |b nc  |2 rdasoporte 
520 |a Manual que ofrece al seglar una serie de recomendaciones y principios para desarrollar sus tareas de propagación de la religión católica. 
649 |a XX 
650 |a Acción Católica 
650 |a Laicos 
650 |a Teología Pastoral 
650 |a Teología Práctica 
650 |a Catolicismo 
650 |a Cristianismo 
650 |a Religión 
910 |a Fondo General 
920 |a Impresos - Libros 
930 |a Libros Antiguos y Raros 
905 |a 108 
901 |a 0500057672  |b IT2  |c LRA  |u 20250526 
902 |a https://opac.biblio.iteso.mx/vufind/Record/000122223